Statistics for Seven Summits on the World Map

Click here to take the quiz!

General Stats

  • This quiz has been taken 394 times
    (233 since last reset)
  • The average score is 6 of 7

Answers on the Map

Answers color-coded by a green-red scale on the quiz's map according to % correct below.
 

Answer Stats

Answer% Correct
Everest
95%
Kilimanjaro
93%
Denali
90%
Puncak Jaya
88%
Elbrus
87%
Aconcagua
86%
Vinson Massif
85%

Score Distribution

Percentile by Number Answered

Percent of People with Each Score

Your Score History

You have not taken this quiz since the last reset